00607nam a2200169Ia 450000500170000000800460001703700120006304000210007504100130009608400220010924501080013124500480023926000540028730000080034149000370034954600510038620250508152027.0008 250505s9999 xx 000 0 eng d aTextual aFEDL bengcFEDL aeng2eng a371.63, GREqFEDL 0aSchool furniture and equipment by a sub - committee of the standards committee of the ministry of works 0cGreat Britain. Education, (Ministry of ...) aLondon, UKbHis Majesty's Stationery Officec1946 a27p aPost - war building studies ; 24 aA handbook for school officials and architects